000 00293nam a22001337a 4500
008 170426b xxu||||| |||| 00| 0 eng d
020 _a9781439043998
041 _aeng
080 _29 ED
_a54
100 _a12
101 _aSHM
245 _aGENERAL CHEMISTRY
_cEBBING.D
942 _2udc
_cBK
999 _c12215
_d12215